Hong Kong Strategic Route 香港主要幹線 - Statistics

General Stats
  • This quiz has been taken 28 times
  • The average score is 17 of 25
Answer Stats
Question Tile Select % Correct
roads that form part of the Hong Kong Strategic Route Ngau Tau Kok Road No
100%
roads that form part of the Hong Kong Strategic Route Discovery Bay Tunnel No
89%
roads that form part of the Hong Kong Strategic Route King's Road No
89%
roads that form part of the Hong Kong Strategic Route Argyle Street No
82%
roads that form part of the Hong Kong Strategic Route Central Kowloon Route Yes
79%
roads that form part of the Hong Kong Strategic Route Hiram's Highway No
79%
roads that form part of the Hong Kong Strategic Route Tsing Ma Bridge Yes
79%
roads that form part of the Hong Kong Strategic Route Ap Lei Chau Bridge No
75%
roads that form part of the Hong Kong Strategic Route Harcourt Road Flyovers No
75%
roads that form part of the Hong Kong Strategic Route Nathan Road No
75%
roads that form part of the Hong Kong Strategic Route Tolo Highway Yes
75%
roads that form part of the Hong Kong Strategic Route Gloucester Road No
71%
roads that form part of the Hong Kong Strategic Route Kwun Tong Bypass Yes
71%
roads that form part of the Hong Kong Strategic Route Cheung Tsing Bridge Yes
68%
roads that form part of the Hong Kong Strategic Route Island East Corridor Yes
68%
roads that form part of the Hong Kong Strategic Route Kam Tin Bypass No
68%
roads that form part of the Hong Kong Strategic Route Lung Cheung Road Yes
64%
roads that form part of the Hong Kong Strategic Route Sha Lek Highway No
61%
roads that form part of the Hong Kong Strategic Route Tuen Mun–Chek Lap Kok Link No
57%
roads that form part of the Hong Kong Strategic Route Eagle's Nest Tunnel Yes
54%
roads that form part of the Hong Kong Strategic Route Ma On Shan Bypass No
50%
roads that form part of the Hong Kong Strategic Route Kong Sham Western Highway Yes
39%
roads that form part of the Hong Kong Strategic Route Tseun Wan Road Yes
39%
roads that form part of the Hong Kong Strategic Route Canal Road Flyover Yes
36%
roads that form part of the Hong Kong Strategic Route Cheung Pei Shan Road Yes
25%
No matching quizzes found
Score Distribution
Percent of People with Each Score
Percentile by Number Answered
Your Score History
You have not taken this quiz